000 00291nam a22001337a 4500
020 _a9
082 _a933 DAN
100 _aDaniel Rops, Henri
245 _aIsreal and the Ancient World
260 _aNew Yark
_bImage Books
_c1964
300 _a413
650 _aIsreal-History
942 _cBK
999 _c20236
_d20236